| 000 | 01217nam a2200313 c 4500 | ||
|---|---|---|---|
| 003 | BLK | ||
| 005 | 20250531112354.0 | ||
| 008 | 180413b bul|||||r ||||||| ||bul|| | ||
| 010 | _aKNG00021020000 | ||
| 040 | _aBLK | ||
| 041 |
_aBUL _cBUL |
||
| 080 |
_aАнглоканадска литература _b821.111(71) _x-31 _z821.111(71)-31 |
||
| 100 | 1 |
_aХейли, Артър _eпърви автор _9363375 |
|
| 700 | 1 |
_aМатев, Димитър Пенчев _eпрев. от англ. _9365327 |
|
| 139 |
_aХейли, Артър _bХ 38 |
||
| 245 | 1 | 0 |
_aЖивот по върховете _bРоман _cАртър Хейли; прев. от англ. Димитър Пенчев Матев. |
| 250 | _a2. изд. | ||
| 257 |
_aCAN _aGBR |
||
| 260 |
_аСофия _bЕмас _bГлобус _c1997 |
||
| 300 |
_a416 с. _c20 см |
||
| 380 | _aX | ||
| 500 | _aОриг. загл. In hing places / Arther Hailey. - 1. изд. 1992 на изд. Атлантис. - Офс. изд. - 4 000 тир. | ||
| 852 | _aЦб 196047 | ||
| 856 | 4 |
_qpdf _u |
|
| 856 | 4 |
_qpdf _u |
|
| 942 |
_cKNG _n0 _035 |
||
| 944 |
_aCR _c15.01.2003 _lНора Радева _k30545 |
||
| 944 |
_aED _c06.06.2013 _lф / _k |
||
| 999 |
_c18936 _d18936 |
||